Mercantile law / (Record no. 77163)

MARC details
000 -LEADER
fixed length control field 00853nam a22002657a 4500
005 - DATE AND TIME OF LATEST TRANSACTION
control field 20180226102757.0
010 ## - LCCN (DPL NO)
LC control number ENG-107804
020 ## - INTERNATIONAL STANDARD BOOK NUMBER
International Standard Book Number 9789325960107
Terms of availability 495.00
035 ## - SYSTEM CONTROL NUMBER
System control number EN-91337
035 ## - SYSTEM CONTROL NUMBER
System control number B-537650-664
035 ## - SYSTEM CONTROL NUMBER
System control number B-664863
037 ## - SOURCE OF ACQUISITION
Source of stock number/acquisition DBAD/PUB
037 ## - SOURCE OF ACQUISITION
Source of stock number/acquisition Mallika Books/Ven
Stock number dpl
082 ## - DEWEY DECIMAL CLASSIFICATION NUMBER
Edition number 8th
Classification number 347.7
100 ## - MAIN ENTRY--PERSONAL NAME
Personal name Kuchhal, M.C.
245 ## - TITLE STATEMENT
Title Mercantile law /
Statement of responsibility, etc by M.C. Kuchhal [and] Vivek Kuchhal
250 ## - EDITION STATEMENT
Edition statement 8th rev ed
260 ## - PUBLICATION, DISTRIBUTION, ETC. (IMPRINT)
Place of publication, distribution, etc Noida
Name of publisher, distributor, etc Vikas Publishing House
Date of publication, distribution, etc 2013
270 ## - ADDRESS
Address E-28, Sector-8
City Noida
Postal code 201301
300 ## - PHYSICAL DESCRIPTION
Extent xxix,690 p.
Dimensions 22cm(pbk)
500 ## - GENERAL NOTE
General note Includes bibliographical references and index
700 ## - ADDED ENTRY--PERSONAL NAME
Personal name Kuchhal, Vivek
942 ## - ADDED ENTRY ELEMENTS (KOHA)
Source of classification or shelving scheme Dewey Decimal Classification
Item type English Books
Call number suffix KUC
Classification part 347.7
Holdings
Withdrawn status Lost status Not for loan Collection code Home library Current library Date acquired Source of acquisition Cost, normal purchase price Full call number Barcode Copy number Cost, replacement price Koha item type
      Non-fiction Ashok Vihar Ashok Vihar 26/02/2018 Mallika Books/62//4.3.17/367/15.02.2017/07.03.2017 495.00 347.7 KUC B-664863 1 495.00 English Books
      Non-fiction Central Library Central Library 26/08/2014 Mallika Books/131/31.03.2014/147/25.03.2014/31.03.2014 410.00 347.7 KUC B-537650 1 410.00 English Books
    Not For Loan Reference Central Library Central Library 26/08/2014 Mallika Books/131/31.03.2014/147/25.03.2014/31.03.2014 410.00 347.7 KUC B-537651 1 410.00 English Books
    Not For Loan Non-fiction D.B.Act.Division D.B.Act.Division 04/07/2013 DBAD/PUB 395.00 347.7 KUC EN-91337 1 395.00 English Books
      Non-fiction Janak Puri Janak Puri 26/08/2014 Mallika Books/131/31.03.2014/147/25.03.2014/31.03.2014 410.00 347.7 KUC B-537657 1 410.00 English Books
  Written-off vide DLB M. No. 383 dt 16.05.19   Non-fiction Karol Bagh Karol Bagh 26/08/2014 Mallika Books/131/31.03.2014/147/25.03.2014/31.03.2014 410.00 347.7 KUC B-537661 1 410.00 English Books
      Non-fiction Mobile Library Mobile Library 26/08/2014 Mallika Books/131/31.03.2014/147/25.03.2014/31.03.2014 410.00 347.7 KUC B-537652 4 410.00 English Books
      Non-fiction Mobile Library Mobile Library 26/08/2014 Mallika Books/131/31.03.2014/147/25.03.2014/31.03.2014 410.00 347.7 KUC B-537653 4 410.00 English Books
      Non-fiction Mobile Library Mobile Library 26/08/2014 Mallika Books/131/31.03.2014/147/25.03.2014/31.03.2014 410.00 347.7 KUC B-537654 4 410.00 English Books
      Non-fiction Mobile Library Mobile Library 26/08/2014 Mallika Books/131/31.03.2014/147/25.03.2014/31.03.2014 410.00 347.7 KUC B-537655 4 410.00 English Books
      Non-fiction Narela Narela 26/08/2014 Mallika Books/131/31.03.2014/147/25.03.2014/31.03.2014 410.00 347.7 KUC B-537663 1 410.00 English Books
      Non-fiction New Rohtak Road New Rohtak Road 26/08/2014 Mallika Books/131/31.03.2014/147/25.03.2014/31.03.2014 410.00 347.7 KUC B-537662 1 410.00 English Books
Withdrawn     Non-fiction Patel Nagar Patel Nagar 26/08/2014 Mallika Books/131/31.03.2014/147/25.03.2014/31.03.2014 410.00 347.7 KUC B-537656 1 410.00 English Books
  Lost and Paid For   Non-fiction R.K.Puram-8 R.K.Puram-8 26/08/2014 Mallika Books/131/31.03.2014/147/25.03.2014/31.03.2014 410.00 347.7 KUC B-537659 1 410.00 English Books
      Non-fiction Sarojini Nagar Sarojini Nagar 26/08/2014 Mallika Books/131/31.03.2014/147/25.03.2014/31.03.2014 410.00 347.7 KUC B-537658 1 410.00 English Books
  Written-off vide DLB M. No. 383 dt 16.05.19   Non-fiction Shahdara Branch Shahdara Branch 26/08/2014 Mallika Books/131/31.03.2014/147/25.03.2014/31.03.2014 410.00 347.7 KUC B-537664 1 410.00 English Books
      Non-fiction Vinoba Puri Vinoba Puri 26/08/2014 Mallika Books/131/31.03.2014/147/25.03.2014/31.03.2014 410.00 347.7 KUC B-537660 1 410.00 English Books

© Delhi Public Library
Hit Counter
free hit counter